000 00544nam a2200193 i 4500
001 51874
003 ES-MaACL
005 20240225063051.0
007 t|
008 030820s1912 sp |||| |aspa d
080 _a929 Darío, Rubén
100 1 _aDarío, Rubén,
_d1867-1916
_942720
245 1 3 _aLa vida de Rubén Darío escrita por el mismo.
260 _aBarcelona :
_bMaucci,
_c[1912]
300 _a287 p. ;
_c19 cm.
600 1 4 _aDarío, Rubén,
_d1867-1916
_942720
852 _aES-MaACL
_jD-5163
999 _c51874
_d51874